000
00321nam a2200133Ia 4500
008
220204s9999 xx 000 0 und d
082
_a
NR:62
_b
MOA
100
_a
Moakes, R C W
245
0
_a
Rubber technology
260
_a
New York
_b
Academic
_c
1951
650
_a
Rubber compounding
700
_a
Wake, W C
942
_c
BK
999
_c
20471
_d
20471